[Event "Match"]
[Site "www.echecsemail.com"]
[Date "2015.04.10"]
[Round "1"]
[White "F14"]
[Black "Maestro"]
[WhiteElo "1880"]
[BlackElo "1880"]
[Result "0-1"]
[Round "1"]
1.e4 e5
2.Ng1f3 Nb8c6
3.Bf1b5 Ng8f6
4.O-O Nf6xe4
5.Rf1e1 Ne4d6
6.Bb5xc6 dxc6
7.Nf3xe5 Bf8e7
8.d4 O-O
9.Bc1e3 Nd6f5
10.c3 Be7g5
11.Be3xg5 Qd8xg5
12.Ne5f3 Qg5h6
13.Nb1d2 Bc8e6
14.Nd2e4 b6
15.Ne4g3 Nf5xg3
16.hxg3 Be6g4
17.Qd1d3 Bg4xf3
18.Qd3xf3 Ra8d8
19.Re1e5 Rf8e8
20.Re5xe8 Rd8xe8
21.Ra1d1 Qh6e6
22.d5 cxd5
23.Qf3xd5 c5
24.Qd5xe6 fxe6
25.Rd1d7 e5
26.Rd7xa7 Re8e6
27.f3 h5
28.b4 cxb4
29.cxb4 e4
30.fxe4 Re6xe4
31.a3 Re4e1
32.Kh2 Re1a1
33.a4 Kh7
34.Ra7a6 b5
35.axb5 Ra1b1
36.Ra6a4 Rb1f1
37.b6 Rf1f5
38.b7 Rf5b5
39.Ra4a7 Rb5xb4
40.Kg1 Kh6
41.Kf2 Kg5
42.Ke3 g6
43.Kf3 h4
44.gxh4 Kxh4
45.Ra7a4 Rb4xa4
46.b8Q Ra4a3
47.Ke4 Ra3a4
48.Kd3 Ra4g4
49.Qb8h8 Kg5
50.Qh8e5 Kh6
51.g3 g5
52.Qe5e6 Kh5
53.Qe6f7 Kh6
54.Qf7f8 Kg6
55.Qf8f2 Kg7
56.Ke3 Rg4b4
57.Qf2a2 g4
{ resign }
0-1

[Event "Match"]
[Site "www.echecsemail.com"]
[Date "2015.04.10"]
[Round "1"]
[White "Generalfree"]
[Black "F14"]
[WhiteElo "1930"]
[BlackElo "1880"]
[Result "0-1"]
[Round "1"]
1.e4 c5
2.b3 d6
3.Bc1b2 Nb8c6
4.g3 e6
5.f4 Ng8f6
6.d3 Bf8e7
7.Bf1e2 O-O
8.h3 b6
9.Be2f3 Bc8b7
10.Ng1e2 Ra8b8
11.Nb1c3 Nc6d4
12.Ne2xd4 cxd4
13.Nc3b5 e5
14.Nb5xa7 Qd8d7
15.a4 Bb7a6
16.a5 exf4
17.gxf4 Qd7xa7
18.Bb2xd4 Be7d8
19.e5 dxe5
20.fxe5 Nf6d7
21.b4 Rb8c8
22.b5 Ba6xb5
23.axb6 Qa7b8
24.b7 Bb5c6
25.bxc8Q Qb8xc8
26.Rh1g1 Bd8h4
27.Kf1 Bc6xf3
28.Qd1xf3 f6
29.e6 Nd7e5
30.Qf3g2 Bh4g5
31.e7 Rf8e8
32.Bd4xe5 Qc8f5
33.Ke2 Qf5xe5
34.Qg2e4 Re8xe7
35.Ra1a8 Kf7
36.Rg1a1 Qe5h2
37.Kf1 Re7xe4
38.dxe4 Qh2xh3
39.Ke1 Qh3e3
40.Kd1 Qe3d2
{ resign }
0-1

[Event "Match"]
[Site "www.echecsemail.com"]
[Date "2015.04.10"]
[Round "1"]
[White "Darknight"]
[Black "Paco"]
[WhiteElo "1700"]
[BlackElo "1860"]
[Result "0-1"]
[Round "1"]
1.e4 e5
2.Bf1c4 Ng8f6
3.d3 Bf8c5
4.h3 d5
5.exd5 Nf6xd5
6.Ng1f3 O-O
7.Bc1g5 f6
 { time }
0-1

[Event "Match"]
[Site "www.echecsemail.com"]
[Date "2015.04.10"]
[Round "1"]
[White "Generalfree"]
[Black "Valdri"]
[WhiteElo "1770"]
[BlackElo "2040"]
[Result "1-0"]
[Round "1"]
1.e4 d5
2.e5 Bc8f5
3.d4 e6
4.Bc1d2 c5
5.Bd2e3 Qd8b6
6.b3 Nb8c6
7.Ng1f3 Ng8h6
8.dxc5 Bf8xc5
9.Be3xc5 Qb6xc5
10.Bf1d3 Bf5xd3
11.Qd1xd3 Nh6g4
12.O-O Ng4xe5
13.Nf3xe5 Nc6xe5
14.Qd3e2  { time }
1-0

[Event "1/64 Finale"]
[Site "www.chess-mail.com"]
[Date "2015.04.10"]
[Round "1"]
[White "Bluetealeaf"]
[Black "Cardiff"]
[WhiteElo "1780"]
[BlackElo "1930"]
[Result "1-0"]
[Round "1"]
1.e4 c6
2.Bf1d3 d5
3.e5 g6
4.Qd1f3 Bf8g7
5.Qf3f4 Qd8c7
6.Ng1f3 e6
7.g3 Ng8e7
8.Nf3g5 O-O
9.h4 Nb8d7
10.h5 Qc7xe5
11.Bd3e2 Qe5xf4
12.gxf4 h6
13.Ng5f3 c5
14.d3 b6
15.hxg6 Ne7xg6
16.Bc1d2 Bc8b7
17.Nb1c3 a6
18.O-O-O b5
19.Rd1g1 Nd7b6
20.Nf3h4 Ng6xh4
21.Rh1xh4 Kh7
22.Be2h5 b4
23.Nc3e2 a5
24.b3 a4
25.Ne2g3 axb3
26.cxb3 Ra8xa2
27.Kd1 Ra2a1
28.Bd2c1 Bg7b2
29.Ng3e2 Bb2xc1
30.Ne2xc1 Rf8g8
31.Rg1h1 f5
32.Bh5f7 Rg8g4
33.Rh4xh6 Kg7
34.Rh6h7 Kf8
35.Bf7xe6 Bb7a6
36.Rh7f7 Ke8
37.Rh1h8 { resign }
1-0

[Event "Eq:CONFOEDERATIONIS HELVETICAE-Angels of Checkmate : "]
[Site "www.chess-mail.com"]
[Date "2015.04.10"]
[Round "1"]
[White "Agmac"]
[Black "Pgcbies"]
[WhiteElo "2580"]
[BlackElo "2740"]
[Result "1/2-1/2"]
[Round "1"]
1.e4 e5
2.Ng1f3 Nb8c6
3.Bf1c4 Ng8f6
4.Nf3g5 d5
5.exd5 Nc6a5
6.Bc4b5 c6
7.dxc6 bxc6
8.Bb5d3 Nf6g4
9.Ng5e4 f5
10.Bd3e2 h5
11.h3 fxe4
12.hxg4 Bf8c5
13.Nb1c3 Qd8d4
14.O-O O-O
15.Qd1e1 hxg4
16.d3 exd3
17.Be2xd3 Rf8xf2
18.Qe1xf2 Qd4xf2
19.Rf1xf2 g3
20.Nc3e4 gxf2
21.Kf1 Bc5d4
22.Bc1d2 Na5b7
{ draw }
1/2-1/2

[Event "Eq:Helvetica B-Los Tercios : "]
[Site "www.chess-mail.com"]
[Date "2015.04.10"]
[Round "1"]
[White "Churrasca"]
[Black "Irene"]
[WhiteElo "1970"]
[BlackElo "1970"]
[Result "1-0"]
[Round "1"]
1.e4 c5
2.Ng1f3 Nb8c6
3.d4 cxd4
4.Nf3xd4 Nc6xd4
5.Qd1xd4 d6
6.Nb1c3 Ng8f6
7.f4 e6
8.Bf1e2 d5
9.exd5 Nf6xd5
10.Nc3xd5 Qd8xd5
11.Bc1e3 Qd5xd4
12.Be3xd4 f6
13.O-O-O Bf8e7
14.Be2b5 Kf7
15.Bb5c4 Be7d6
16.g3 Bd6b4
17.a3 Bb4a5
18.b4 Ba5c7
19.Rh1e1 a6
20.f5 Rh8e8
21.Bd4c3 b5
22.fxe6 Bc8xe6
23.Bc4xe6 Re8xe6
24.Rd1d7 { resign }
1-0

[Event "Eq:Los Tercios-Equipo Juan Diaz : "]
[Site "www.chess-mail.com"]
[Date "2015.04.10"]
[Round "1"]
[White "Ecijaajedrez"]
[Black "Karkaskat"]
[WhiteElo "2590"]
[BlackElo "2410"]
[Result "1-0"]
[Round "1"]
1.d4 Ng8f6
2.c4 g6
3.Nb1c3 d5
4.cxd5 Nf6xd5
5.e4 Nd5xc3
6.bxc3 Bf8g7
7.Bf1c4 c5
8.Ng1e2 O-O
9.O-O Nb8c6
10.Bc1e3 Bc8g4
11.f3 Nc6a5
12.Bc4d3 cxd4
13.cxd4 Bg4e6
14.d5 Bg7xa1
15.Qd1xa1 f6
16.Qa1b1 Be6d7
17.Be3h6 Rf8e8
18.e5 e6
19.Bd3xg6 { resign }
1-0

[Event "Eq:CONFOEDERATIONIS HELVETICAE-Los Tercios : "]
[Site "www.chess-mail.com"]
[Date "2015.04.10"]
[Round "1"]
[White "Karkaskat"]
[Black "Schwiizer"]
[WhiteElo "2410"]
[BlackElo "2800"]
[Result "0-1"]
[Round "1"]
1.e4 c5
2.Nb1c3 d6
3.g3 Nb8c6
4.Bf1g2 Ng8f6
5.d3 g6
6.f4 Bf8g7
7.Ng1f3 O-O
8.O-O Ra8b8
9.h3 b5
10.Nf3h4 b4
11.Nc3e2 Nf6d7
12.c3 bxc3
13.bxc3 Qd8a5
14.d4 cxd4
15.cxd4 Bc8a6
16.Rf1e1 Ba6xe2
{ resign }
0-1

[Event "Fast Game"]
[Site "www.echecsemail.com"]
[Date "2015.04.10"]
[Round "1"]
[White "Stevep84"]
[Black "Attatroll"]
[WhiteElo "2010"]
[BlackElo "1820"]
[Result "1-0"]
[Round "1"]
1.d4 f5
2.g3 Ng8f6
3.Bf1g2 g6
4.c4 Bf8g7
5.Ng1f3 O-O
6.O-O c6
7.Nb1c3 d6
8.b3 h6
9.Qd1c2 Nb8a6
10.a3 Bc8d7
11.Bc1b2 Na6c7
12.Nf3d2 Rf8e8
13.e4 fxe4
14.Nc3xe4 Bd7f5
15.Ne4xf6 Bg7xf6
16.Bg2e4 Bf5xe4
17.Nd2xe4 Bf6g7
18.Ne4c3 Bg7xd4
19.Qc2xg6 Bd4g7
20.Nc3d5 e5
21.Nd5f4 Qd8g5
22.Qg6xg5 hxg5
23.Nf4h5 Nc7e6
24.f4 gxf4
25.gxf4 exf4
26.Bb2xg7 Ne6xg7
27.Nh5f6 Kf7
28.Nf6xe8 Ra8xe8
29.Rf1xf4 Kg8
30.Kf2 Re8e6
31.Ra1e1 Re6h6
32.h4 Ng7h5
33.Rf4e4 Rh6f6
34.Kg1 Rf6g6
35.Kh2 Rg6g3
36.Re1g1 Rg3xg1
37.Kxg1 Kf7
38.Kf2 Kf6
39.Kf3 Nh5g7
40.Kg4 Ng7e6
41.h5 a5
42.h6 Ne6f8
43.Re4f4 Ke7
44.Kh5 { resign }
1-0

[Event "Fast Game"]
[Site "www.echecsemail.com"]
[Date "2015.04.10"]
[Round "1"]
[White "Krazy4chess"]
[Black "Attatroll"]
[WhiteElo "1769"]
[BlackElo "1830"]
[Result "1-0"]
[Round "1"]
1.e4 e6
2.d3 d5
3.Bf1e2 Ng8f6
4.exd5 Nf6xd5
5.Ng1f3 Bf8d6
6.c4 Nd5b4
7.d4 O-O
8.O-O b6
9.a3 Nb4c6
10.b4 Bc8b7
11.Nb1c3 Nb8d7
12.Qd1c2 Nd7f6
13.Rf1d1 Nc6e7
14.c5 bxc5
15.dxc5 Bd6xh2
16.Kxh2 Qd8c8
17.Bc1f4 Ne7d5
18.Nc3xd5 Nf6xd5
19.Bf4g3 Nd5f6
20.c6 Bb7a6
21.b5 { resign }
1-0

[Event "Tourn. n8087"]
[Site "www.chess-mail.com"]
[Date "2015.04.11"]
[Round "1"]
[White "Libiesse"]
[Black "Fabos12"]
[WhiteElo "1920"]
[BlackElo "1910"]
[Result "1-0"]
[Round "1"]
1.d4 g6
2.c4 Bf8g7
3.Ng1f3 Nb8c6
4.Nb1c3 d6
5.e4 e6
6.Bc1e3 Ng8e7
7.Bf1e2 O-O
8.O-O f5
9.exf5 Ne7xf5
10.Qd1d2 Nf5xe3
11.fxe3 Bc8d7
12.Rf1f2 Rf8f7
13.Ra1f1 Qd8e7
14.Nc3b5 Ra8c8
15.Nf3e1 a6
16.Rf2xf7 Qe7xf7
17.Rf1xf7 Kxf7
18.Nb5c3 e5
19.dxe5 Nc6xe5
20.Qd2d5 Bd7e6
21.Qd5xb7  { time }
1-0

[Event "Tourn. n8079"]
[Site "www.chess-mail.com"]
[Date "2015.04.11"]
[Round "1"]
[White "Genius7"]
[Black "Generalfree"]
[WhiteElo "1750"]
[BlackElo "1780"]
[Result "0-1"]
[Round "1"]
1.c4 Ng8f6
2.Ng1f3 e6
3.d4 d5
4.cxd5 Nf6xd5
5.e4 Nd5b4
6.a3 Nb4c6
7.Nb1c3 a6
8.Bf1e2 b5
9.O-O g6
10.d5 Nc6e7
11.dxe6 Bc8xe6
12.Qd1xd8 Kxd8
13.Bc1e3 Nb8d7
14.Rf1d1 Bf8g7
15.Ra1c1 c6
16.Nf3d4 Bg7xd4
17.Be3xd4 Rh8f8
18.Be2d3 f6
19.Nc3e2 Ra8c8
20.Bd4e3 g5
21.h3 h6
22.Ne2d4 Be6g8
23.Nd4b3 Bg8xb3
24.Bd3c2 Bb3xc2
25.Rc1xc2 Ke8
{ resign }
0-1

[Event "Tourn. n8112"]
[Site "www.chess-mail.com"]
[Date "2015.04.11"]
[Round "1"]
[White "Andychesston"]
[Black "Colchester"]
[WhiteElo "1820"]
[BlackElo "1910"]
[Result "1/2-1/2"]
[Round "1"]
1.e4 c6
2.d4 d5
3.Nb1c3 dxe4
4.Nc3xe4 Bc8f5
5.Ne4c3 Ng8f6
6.Bf1e2 e6
7.a3 Nb8d7
8.Ng1f3 Bf8e7
9.O-O Nf6d5
10.Bc1d2 O-O
11.Nc3xd5 exd5
12.Rf1e1 Be7f6
13.Bd2f4 Rf8e8
14.Be2d3 Re8xe1
15.Nf3xe1 Bf5xd3
16.Qd1xd3 Nd7b6
17.Ne1f3 Qd8d7
18.Nf3e5 Bf6xe5
19.Bf4xe5 f6
20.Be5f4 Ra8e8
21.Ra1f1 Qd7e6
22.Qd3g3 Nb6c4
{ draw }
1/2-1/2

[Event "Tourn. n7917"]
[Site "www.chess-mail.com"]
[Date "2015.04.11"]
[Round "1"]
[White "Nimzo"]
[Black "Jpmartinez"]
[WhiteElo "2640"]
[BlackElo "2630"]
[Result "1-0"]
[Round "1"]
1.d4 Ng8f6
2.c4 e6
3.Ng1f3 c5
4.d5 exd5
5.cxd5 d6
6.Nb1c3 g6
7.h3 Bf8g7
8.e4 O-O
9.Bf1d3 Nf6h5
10.O-O Nb8d7
11.Bc1g5 Bg7f6
12.Bg5e3 Rf8e8
13.Rf1e1 Nd7e5
14.Bd3e2 Ne5xf3
15.Be2xf3 Nh5g7
16.Qd1d2 Bf6e5
17.Be3f4 a6
18.a4 b6
19.Ra1b1 Ra8a7
20.b4 Be5xf4
21.Qd2xf4 Ra7c7
22.bxc5 Rc7xc5
23.Qf4d2 Qd8c7
24.Re1e3 f5
25.Rb1b3 Bc8d7
26.exf5 Re8xe3
27.Qd2xe3 Ng7xf5
28.Qe3d2 Bd7e8
29.Bf3g4 Qc7g7
30.Bg4xf5 gxf5
31.Nc3e2 b5
32.Rb3e3 Be8g6
33.Ne2f4 Rc5c4
34.Nf4e6 Qg7a1
35.Kh2 Qa1xa4
36.Qd2b2 { resign }
1-0

[Event "Tourn. n7788"]
[Site "www.chess-mail.com"]
[Date "2015.04.11"]
[Round "1"]
[White "Ssharp"]
[Black "Sontuozio"]
[WhiteElo "2200"]
[BlackElo "2070"]
[Result "1-0"]
[Round "1"]
1.e4 e6
2.d4 d5
3.e5 c5
4.c3 Nb8c6
5.Ng1f3 Bc8d7
6.a3 Qd8b6
7.Bf1e2 c4
8.Qd1c2 Nc6a5
9.Nb1d2 Bf8e7
10.O-O Ng8h6
11.Ra1b1 Na5b3
12.Nd2xb3 cxb3
13.Qc2d1 a5
14.Bc1xh6 gxh6
15.Be2d3 a4
16.Qd1d2 Be7f8
17.Rf1e1 Bd7b5
18.h3 Ra8c8
19.Nf3h2 Bb5xd3
20.Qd2xd3 Bf8g7
21.Re1e3 Ke7
22.Re3g3 Rc8g8
23.Rb1e1 Qb6a6
24.Qd3f3 Qa6c6
25.Qf3f4 Qc6e8
26.Re1e3 h5
27.Re3f3 Qe8f8
28.Qf4g5 Ke8
29.Qg5xh5 b5
30.Nh2g4 Qf8e7
31.Ng4f6 Bg7xf6
32.Rg3xg8 Rh8xg8
33.exf6 Qe7f8
34.Qh5xh7 Rg8g6
35.Qh7h5 Qf8xa3
36.bxa3 b2
37.Qh5e5 b1Q
38.Kh2 Kd7
39.Qe5b8 Qb1f1
40.Qb8b7 Kd6
41.g3 Rg6h6
42.h4 Rh6h7
43.Qb7b8 Kd7
44.Qb8g8 Qf1b1
45.Kg2 Qb1e4
46.h5 Kd6
47.g4 Kd7
48.Kg3 Qe4b1
49.Kh4 Qb1h1
50.Rf3h3 Qh1e4
51.f4 Kd6
52.Kg5 Kd7
53.Rh3g3 Qe4c2
54.Rg3h3 Qc2e4
55.h6 Qe4c2
56.Rh3f3 Kd6
57.f5 Qc2d2
58.Rf3f4 Rh7xh6
59.Qg8f8 { resign }
1-0

[Event "Tourn. n8116"]
[Site "www.chess-mail.com"]
[Date "2015.04.11"]
[Round "1"]
[White "Brigs"]
[Black "Neverless"]
[WhiteElo "2460"]
[BlackElo "2680"]
[Result "1/2-1/2"]
[Round "1"]
1.e4 c5
2.Ng1f3 d6
3.d4 cxd4
4.Nf3xd4 Ng8f6
5.Nb1c3 a6
6.Bc1g5 e6
7.f4 Qd8b6
8.Qd1d2 Qb6xb2
9.Ra1b1 Qb2a3
10.Bf1e2 Nb8d7
11.O-O Bf8e7
12.e5 dxe5
13.fxe5 Nd7xe5
14.Bg5xf6 gxf6
15.Nc3e4 f5
16.Rb1b3 Qa3a4
17.Qd2c3 Rh8g8
18.Ne4c5 Be7xc5
19.Qc3xc5 Ne5c6
20.Be2b5 axb5
21.Nd4xb5 Qa4a5
22.Rf1d1 f4
23.Nb5d6 Ke7
24.Nd6b5 Kf6
25.Rb3a3 Rg8d8
26.Rd1f1 e5
27.Ra3xa5 Ra8xa5
28.g3 Bc8h3
29.Rf1b1 Ra5xa2
30.Nb5c3 Ra2a5
31.Qc5f2 Rd8d4
32.Qf2f3 Bh3f5
33.Nc3e2 Rd4e4
34.gxf4 exf4
35.Rb1f1 Nc6e5
36.Qf3f2 Ra5a3
37.c3 Ra3a4
38.Ne2g3 Re4e3
39.Ng3h5 Kg5
40.Nh5xf4 Re3f3
41.Qf2g2 Kxf4
42.Qg2g3 Ke4
43.Qg3e1 Kf4
44.Qe1g3 Ke4
45.Qg3e1 Kf4
46.Qe1g3 { draw }
1/2-1/2

[Event "Tourn. n8127"]
[Site "www.chess-mail.com"]
[Date "2015.04.11"]
[Round "1"]
[White "Krasin"]
[Black "Asoka"]
[WhiteElo "2330"]
[BlackElo "2620"]
[Result "0-1"]
[Round "1"]
1.e4 c6
2.d4 d5
3.e5 Bc8f5
4.h4 h5
5.Ng1e2 e6
6.Ne2g3 Bf5g6
7.c4 Bf8b4
8.Nb1c3 Ng8e7
9.c5 b6
10.cxb6 Qd8xb6
11.Bf1e2 c5
12.a3 Bb4xc3
13.bxc3 Nb8c6
14.Bc1e3 Ra8b8
15.O-O Qb6b2
16.dxc5 Qb2xc3
17.Qd1a4 Bg6c2
18.Qa4f4 Ne7g6
19.Qf4g5 f6
 { time }
0-1

[Event "Tourn. n8116"]
[Site "www.chess-mail.com"]
[Date "2015.04.11"]
[Round "1"]
[White "Brigs"]
[Black "Krasin"]
[WhiteElo "2460"]
[BlackElo "2320"]
[Result "1-0"]
[Round "1"]
1.e4 c5
2.Ng1f3 Nb8c6
3.d4 cxd4
4.Nf3xd4 e5
5.Nd4b5 d6
6.c4 Bf8e7
7.Nb1c3 a6
8.Nb5a3 f5
9.exf5 Bc8xf5
10.Bf1d3 Bf5e6
11.Bc1e3 Ng8f6
12.O-O O-O
13.Nc3d5 Nf6xd5
14.cxd5 Be6xd5
15.Bd3xh7 Kxh7
16.Qd1xd5 Be7g5
17.Na3c4 Bg5xe3
18.fxe3 Qd8g5
19.Qd5xd6 Rf8d8
20.Qd6c7  { time }
1-0

[Event "Tourn. n7993"]
[Site "www.chess-mail.com"]
[Date "2015.04.11"]
[Round "1"]
[White "Syd"]
[Black "Emmanuelasi"]
[WhiteElo "2240"]
[BlackElo "2150"]
[Result "0-1"]
[Round "1"]
1.e4 Nb8c6
2.d4 e5
3.d5 Nc6e7
4.c4 Ng8f6
5.Nb1c3 Ne7g6
6.Ng1f3 Bf8b4
7.Bc1g5 Bb4xc3
8.bxc3 d6
9.Ra1b1 b6
10.Bf1e2 h6
11.Bg5c1 Nf6xe4
12.Qd1c2 f5
13.Be2d3 O-O
14.O-O a5
15.Rb1b2 Ne4c5
16.Bd3e2 Qd8f6
17.h3 Bc8d7
18.Bc1e3 Nc5a4
19.Rb2b1 f4
20.Be3c1 Na4c5
21.Bc1a3 Bd7f5
22.Qc2d2 Bf5xb1
23.Ba3xc5 bxc5
24.Rf1xb1 e4
25.Nf3h2 Ra8b8
26.Rb1xb8 Rf8xb8
27.Nh2g4 Qf6g5
28.Qd2c2 h5
29.Ng4h2 Rb8e8
30.Qc2a4 Re8a8
31.Qa4c6 Ra8b8
32.Qc6xc7 Rb8b1
33.Be2f1 Ng6h4
34.Qc7c8 Kh7
35.Nh2g4 hxg4
{ resign }
0-1

[Event "Tourn. n7813"]
[Site "www.chess-mail.com"]
[Date "2015.04.11"]
[Round "1"]
[White "Alvarin111"]
[Black "Bojan"]
[WhiteElo "2080"]
[BlackElo "1940"]
[Result "0-1"]
[Round "1"]
1.e4 e5
2.Ng1f3 d6
3.Bf1c4 Qd8f6
4.h3 Bc8e6
5.d3 a6
6.Bc1g5 Qf6g6
7.Qd1d2 Be6xc4
8.dxc4 Qg6e6
9.Qd2d5 Qe6xd5
10.cxd5 Nb8d7
11.O-O h6
12.Bg5h4 Ng8f6
13.Rf1e1 Nf6h5
14.Nb1d2 g5
15.Bh4g3 Nh5xg3
16.fxg3 Bf8e7
17.Re1e3 O-O
18.Re3c3 Ra8c8
19.b4 Nd7f6
20.g4 Kh7
21.Ra1e1 Kg6
22.Nd2f1 h5
23.gxh5 Nf6xh5
24.a4 c6
25.Nf1e3 Nh5f6
26.Ne3f5 Rf8e8
27.h4 Nf6h7
28.hxg5 Nh7xg5
29.Nf3xg5 Kxg5
30.Rc3g3 Kf6
31.Re1f1 cxd5
32.Nf5xd6 Ke6
33.Nd6xc8 Re8xc8
34.exd5 Kxd5
35.Rf1xf7 Be7xb4
36.Rf7xb7 a5
37.Rb7b5 Ke4
38.Rg3g4 Ke3
39.Rb5xe5 Kd2
40.c4 Bb4c5
41.Kh2 Kc3
42.Re5d5 Kb3
43.Rg4g5 Kxc4
44.g3 Bc5b4
45.Rd5d7 Kb3
46.g4 Kxa4
47.Kg3 Kb3
48.Rg5b5 a4
49.g5 a3
50.Rd7a7 Kc4
51.Rb5b7 Bb4c5
52.Ra7a4 Kc3
53.g6 Rc8g8
54.g7 Bc5f8
55.Kf3 Bf8xg7
56.Ra4xa3 Kc4
57.Ra3a4 Kc5
58.Rb7f7 Bg7h8
59.Ra4h4 Bh8a1
60.Rf7f5 Kd6
61.Rh4h6 Ke7
62.Rf5a5 Rg8f8
63.Ke4 Ba1b2
64.Ra5a7 Ke8
65.Rh6b6 Bb2f6
66.Rb6b8 Bf6d8
67.Ke5 Rf8f1
68.Ra7a8 Rf1d1
69.Ke6 Rd1e1
70.Kd5 Re1d1
71.Kc4 Rd1d7
72.Kc5 Ke7
73.Kc6 Rd7d6
74.Kc5 Rd6d7
75.Rb8b2 Kf7
76.Kc6 Rd7d3
77.Ra8a7 Kf6
78.Ra7a6 Ke5
79.Rb2b5 Ke6
80.Kc5 Kf7
81.Kc6 Bd8f6
82.Rb5b7 Kg6
83.Rb7d7 Rd3f3
84.Kd6 Rf3e3
85.Ra6a2 Bf6h4
86.Ra2g2 Bh4g3
87.Kc6 Kf6
88.Rd7d8 Ke7
89.Rd8d7 Ke6
90.Rd7g7 Re3c3
91.Kb5 Bg3f4
92.Rg2e2 Kd6
93.Rg7g6 Kd5
94.Re2b2 Rc3c8
95.Rb2f2 Rc8b8
96.Ka6 Bf4e3
97.Rf2f5 Ke4
98.Rf5b5 Rb8a8
99.Kb7 Ra8a7
100.Kb8 Ra7e7
101.Rg6g8 Kf3
 { time }
0-1

[Event "Tourn. n8120"]
[Site "www.chess-mail.com"]
[Date "2015.04.11"]
[Round "1"]
[White "Neverless"]
[Black "Emmanuelasi"]
[WhiteElo "2680"]
[BlackElo "2330"]
[Result "1-0"]
[Round "1"]
1.e4 Nb8c6
2.Ng1f3 e5
3.Bf1b5 Ng8f6
4.O-O Nf6xe4
5.d4 Ne4d6
6.Bb5xc6 dxc6
7.dxe5 Nd6f5
8.Qd1xd8 Kxd8
9.Nb1c3 Bf8e7
10.Rf1d1 Ke8
11.Bc1g5 h6
12.Bg5xe7 Nf5xe7
13.h3 Ne7f5
14.Rd1d2 Bc8e6
15.Ra1d1 g5
16.Nc3e4 b6
17.Ne4f6 Ke7
18.g4 Nf5g7
19.Nf3d4 Be6d5
20.c4 Bd5xc4
21.Nd4xc6 Ke6
22.Rd2d6 { resign }
1-0

[Event "Tourn. n8107"]
[Site "www.chess-mail.com"]
[Date "2015.04.11"]
[Round "1"]
[White "Servant"]
[Black "Louis"]
[WhiteElo "1640"]
[BlackElo "1830"]
[Result "1-0"]
[Round "1"]
1.d4 Ng8f6
2.Bc1g5 d5
3.g3 Nf6e4
4.Bg5f4 c5
5.Bf4xb8 Ra8xb8
6.Bf1g2 e6
7.Ng1f3 cxd4
8.Nf3xd4 Bf8c5
9.c3 O-O
10.O-O Ne4d6
11.Nd4b3 Bc5b6
12.Nb1d2 Bc8d7
13.Nd2f3 f6
14.e3 Nd6c4
15.Qd1c2 Bd7a4
16.Qc2e2 a6
17.Nb3d4 e5
18.Nd4e6 { resign }
1-0

[Event "Tourn. n8115"]
[Site "www.chess-mail.com"]
[Date "2015.04.11"]
[Round "1"]
[White "Sebolix"]
[Black "Emmanuelasi"]
[WhiteElo "2690"]
[BlackElo "2330"]
[Result "1-0"]
[Round "1"]
1.e4 Nb8c6
2.d4 e5
3.dxe5 Nc6xe5
4.Ng1f3 Ne5xf3
5.Qd1xf3 d6
6.Nb1c3 Ng8f6
7.Bf1e2 Bf8e7
8.Qf3g3 Kf8
9.Bc1f4 Bc8e6
10.O-O-O Qd8c8
11.Kb1 a6
12.e5 dxe5
13.Bf4xe5 c6
14.Nc3e4 h6
15.Ne4xf6 Be7xf6
16.Be5xf6 gxf6
17.Qg3f4 Kg7
18.Rd1d3 f5
19.Rh1d1 Qc8b8
20.Rd3d6 Qb8e8
21.g4 fxg4
22.Be2xg4 Be6xg4
23.Qf4xg4 Kh7
24.Qg4f4 { resign }
1-0

[Event "Tourn. n8039"]
[Site "www.chess-mail.com"]
[Date "2015.04.11"]
[Round "1"]
[White "Kollipaa"]
[Black "Samael"]
[WhiteElo "1990"]
[BlackElo "2090"]
[Result "0-1"]
[Round "1"]
1.b4 e5
2.b5 c6
3.a4 Ng8f6
4.Bc1b2 Bf8e7
5.e3 d6
6.c4 Nb8d7
7.Ng1e2 a6
8.Ne2g3 Nd7c5
9.d4 exd4
10.exd4 Nc5e4
11.Ng3xe4 Nf6xe4
12.Bf1e2 O-O
13.O-O Rf8e8
14.Nb1d2 Ne4xd2
15.Qd1xd2 Be7f6
16.Be2f3 Bc8e6
17.Ra1c1 Bf6g5
18.Qd2c3 Bg5xc1
19.Rf1xc1 f6
20.d5 cxd5
21.cxd5 Be6d7
22.Qc3b3 Ra8c8
23.Rc1d1 Qd8e7
24.h3 axb5
25.axb5 Rc8c5
26.Bb2a3 Rc5xb5
27.Qb3c4 Re8c8
28.Qc4f4 Rb5b6
29.h4 Qe7e5
30.Qf4xe5 dxe5
31.h5 h6
32.Ba3e7 Kf7
33.d6 Rc8e8
34.Bf3d5 Bd7e6
35.Bd5f3 Re8xe7
36.dxe7 Kxe7
37.Rd1c1 Kd7
38.g4 Rb6b4
39.Rc1e1 Be6xg4
40.Bf3d5 Bg4xh5
{ resign }
0-1

[Event "Tourn. n8116"]
[Site "www.chess-mail.com"]
[Date "2015.04.11"]
[Round "1"]
[White "Krasin"]
[Black "Winterlude"]
[WhiteElo "2320"]
[BlackElo "2530"]
[Result "0-1"]
[Round "1"]
1.g3 d5
2.Bf1g2 Ng8f6
3.Ng1f3 Bc8f5
4.d3 e6
5.O-O h6
6.Nb1d2 Bf8e7
7.Qd1e1 O-O
8.e4 Bf5h7
9.e5 Nf6d7
10.Qe1e2 c5
11.h4 Nb8c6
12.Rf1e1 Bh7g6
13.Nd2f1 Bg6h5
 { time }
0-1

[Event "Match"]
[Site "www.echecsemail.com"]
[Date "2015.04.11"]
[Round "1"]
[White "Cyrilgeorge"]
[Black "Bbking"]
[WhiteElo "1429"]
[BlackElo "1520"]
[Result "1-0"]
[Round "1"]
1.e4 e5
2.Ng1f3 Nb8c6
3.c3 d5
4.exd5 Qd8xd5
5.Bf1e2 a6
6.d4 f6
7.Bc1e3 Bc8g4
8.h3 Bg4xf3
9.Be2xf3 e4
10.Bf3e2 Bf8d6
11.Nb1d2 O-O-O
12.O-O Ng8e7
13.Qd1b3 g5
14.Qb3xd5 Ne7xd5
15.Be2c4 b5
16.Bc4xd5 Kb7
17.a4 b4
18.Bd5xe4 bxc3
19.bxc3 h5
20.Ra1b1 Ka7
21.Be4xc6 h4
22.d5 { resign }
1-0

[Event "Match"]
[Site "www.echecsemail.com"]
[Date "2015.04.11"]
[Round "1"]
[White "Udo40"]
[Black "Derik"]
[WhiteElo "1650"]
[BlackElo "1480"]
[Result "1-0"]
[Round "1"]
1.e4 e6
2.d4 d5
3.Nb1d2 Ng8f6
4.e5 Nf6d7
5.Ng1f3 g6
6.Bf1d3 Bf8g7
7.O-O O-O
8.Nd2b3 Nb8c6
9.Bc1e3 b6
10.Qd1d2 a5
11.a4 Bc8b7
12.Be3h6 Qd8e7
13.Bh6g5 f6
14.exf6 Bg7xf6
15.Bg5h6 Bf6g7
16.Bh6xg7 Qe7xg7
17.Qd2e2 Ra8e8
18.Nf3g5 Qg7h6
19.Ng5xe6 Rf8f6
20.Qe2g4 Re8xe6
21.c4 Rf6f4
22.Qg4xe6 Rf4f7
23.cxd5 Nc6b4
24.Bd3c4 Nd7f6
25.d6 cxd6
26.Qe6xf7 Kh8
27.Qf7xf6 Qh6g7
28.Qf6d8 Qg7g8
29.Qd8xg8 
1-0

[Event "Match"]
[Site "www.echecsemail.com"]
[Date "2015.04.11"]
[Round "1"]
[White "Micheles"]
[Black "Ztornad"]
[WhiteElo "2520"]
[BlackElo "1740"]
[Result "1-0"]
[Round "1"]
1.d4 b6
2.Ng1f3 Bc8b7
3.g3 e6
4.Bf1g2 Bf8e7
5.O-O Ng8f6
6.c4 Nf6e4
7.d5 g5
8.Qd1d4 Ne4f6
9.Bc1xg5 Rh8g8
10.Nb1c3 c5
11.Qd4f4 Nf6h5
12.Bg5xe7 Qd8xe7
13.Qf4h6 Nh5f6
14.Nc3b5 Nb8a6
15.Qh6f4 Kf8
16.d6 Qe7d8
17.Nf3e5 Bb7xg2
18.Kxg2 Rg8g7
19.Qf4xf6 Kg8
20.Qf6f3 Ra8b8
21.Nb5xa7 Na6b4
22.Rf1c1 Rg7g5
23.Ne5xf7 Rg5xg3
24.fxg3 Qd8e8
25.Qf3g4 Kf8
26.Rc1f1 Qe8xf7
27.Rf1xf7 Kxf7
28.Ra1f1  { time }
1-0

[Event "Match"]
[Site "www.echecsemail.com"]
[Date "2015.04.11"]
[Round "1"]
[White "Colchester"]
[Black "Wwgia"]
[WhiteElo "1920"]
[BlackElo "2100"]
[Result "1-0"]
[Round "1"]
1.d4 Ng8f6
2.c4 g6
3.g3 Bf8g7
4.Bf1g2 O-O
5.e4 c6
6.e5 Nf6e8
7.Nb1c3 d6
8.exd6 Ne8xd6
9.c5 Nd6e8
10.Ng1e2 Nb8d7
11.O-O e5
12.dxe5 Bg7xe5
13.Bc1e3 Ne8c7
14.Qd1c2 Nd7xc5
15.Be3xc5 { resign }
1-0

[Event "Match"]
[Site "www.echecsemail.com"]
[Date "2015.04.11"]
[Round "1"]
[White "Matuisgman"]
[Black "Xandersonx"]
[WhiteElo "1369"]
[BlackElo "1829"]
[Result "0-1"]
[Round "1"]
1.d4 e6
2.e4 c5
3.dxc5 Bf8xc5
4.Qd1d2 Ng8f6
5.Qd2c3 b6
6.Bf1d3 Bc8b7
7.Bc1f4 a5
8.f3 Bc5b4
9.Nb1d2 Bb4xc3
10.bxc3 Nf6h5
11.g3 Nh5xf4
12.Ng1e2 Nf4xe2
13.Kxe2 Qd8c7
14.a4 Qc7xc3
15.Ra1b1 Qc3d4
16.Rb1c1 Qd4xa4
17.Bd3c4 Nb8c6
18.Rc1a1 Qa4xc2
19.Rh1c1 Qc2b2
20.Ra1b1 Qb2d4
21.Nd2b3 Qd4e5
22.f4 Qe5xe4
23.Kf1 Nc6b4
24.Rc1e1 Qe4xc4
25.Re1e2 Bb7f3
26.Nb3d2 Qc4xe2
27.Kg1 Qe2g2

0-1

[Event "Match"]
[Site "www.echecsemail.com"]
[Date "2015.04.11"]
[Round "1"]
[White "Julianlore"]
[Black "Udo40"]
[WhiteElo "1499"]
[BlackElo "1690"]
[Result "1-0"]
[Round "1"]
1.e4 e5
2.Ng1f3 Nb8c6
3.Bf1b5 a6
4.Bb5a4 b5
5.Ba4b3 Bc8b7
6.O-O Ng8f6
7.d3 Nc6e7
8.Nf3xe5 d5
9.exd5 Ne7xd5
10.c4 bxc4
11.Bb3a4 Ke7
12.Rf1e1 Kd6
13.Ne5xf7 { resign }
1-0

[Event "Match"]
[Site "www.echecsemail.com"]
[Date "2015.04.11"]
[Round "1"]
[White "Swampcat"]
[Black "Aggiesam"]
[WhiteElo "1359"]
[BlackElo "1269"]
[Result "0-1"]
[Round "1"]
1.e4 e5
2.Ng1f3 d6
3.h3 Ng8f6
4.d3 Nb8d7
5.Nb1c3 d5
6.exd5 Nf6xd5
7.Nc3xd5 Nd7b6
8.Nd5xb6 axb6
9.Nf3xe5 Qd8f6
10.Qd1e2 Bf8c5
11.Ne5g4 Qf6e7
12.Bc1e3 O-O
13.Be3xc5 Qe7xc5
14.Qe2e3 Qc5xc2
15.b3 Qc2c3
16.Qe3d2 Qc3xa1
17.Ke2 Ra8xa2
{ resign }
0-1

[Event "Match"]
[Site "www.echecsemail.com"]
[Date "2015.04.11"]
[Round "1"]
[White "Valdri"]
[Black "Expert"]
[WhiteElo "2040"]
[BlackElo "1680"]
[Result "0-1"]
[Round "1"]
1.e4 e5
2.Ng1f3 d6
3.d4 exd4
4.Nf3xd4 Ng8f6
5.Nb1c3 Bf8e7
6.Bf1c4 O-O
7.O-O a6
8.a4 c5
9.Nd4f3 Nb8c6
10.Bc1f4 Bc8g4
11.h3 Bg4xf3
 { time }
0-1